| 000 | 00647nam a2200181 a 4500 | ||
|---|---|---|---|
| 001 | 000045167 | ||
| 005 | 20201002045931.0 | ||
| 008 | 110425s1980 dr r 000 0 spa d | ||
| 040 |
_aDO-SdBNP _bspa _cBNPHU |
||
| 082 |
_axxxx _bxxxx |
||
| 110 | 1 |
_aSociedad Dominicana de Bibliófilos _bRepública Dominicana _973174 |
|
| 245 | 0 | 0 |
_aInforme anual 1984 / _ccompilación Isabel Pareja ; Edición Pilar Soto de Rainieri. |
| 260 |
_aSanto Domingo : _bSociedad Dominicana de Bibliófilos, _c1980. |
||
| 300 |
_a35 p. ; _c22 cm. |
||
| 500 | _aX Aniversario 1974-1984 | ||
| 700 | 1 | 2 |
_aPareja, Isabel, _ecomp. _973175 |
| 700 | 1 | 2 |
_aSoto de Rainieri, Pilar _956679 |
| 999 |
_c44656 _d44656 |
||